Video Games by Year: 2013 - Statistics

General Stats
  • This quiz has been taken 204 times
  • The average score is 8 of 16
Answer Stats
Picture Answer % Correct
Grand Theft Auto V
98%
Tomb Raider
85%
Assassin's Creed IV: Black Flag
83%
Alien: Colonial Marines
81%
Papers, Please
69%
Bioshock Infinite
63%
The Stanley Parable
55%
Dead Space 3
53%
Metal Gear Rising: Revengeance
41%
Outlast
38%
Ryse: Son of Rome
38%
DmC: Devil May Cry
28%
Far Cry 3: Blood Dragon
18%
Dead Rising 3
13%
Warframe
11%
Amnesia: A Machine for Pigs
9%
No matching quizzes found
Score Distribution
Percent of People with Each Score
Percentile by Number Answered
Your Score History
You have not taken this quiz